| 000 | 01187cam a22003734a 4500 | ||
|---|---|---|---|
| 999 |
_c391 _d391 |
||
| 001 | 16023908 | ||
| 003 | GZU | ||
| 005 | 20200722101207.0 | ||
| 008 | 091215s2009 enk b 001 0 eng | ||
| 010 | _a 2009504402 | ||
| 015 |
_aGBA967232 _2bnb |
||
| 016 | 7 |
_a015307623 _2Uk |
|
| 020 | _a9780567033895 (hbk.) | ||
| 020 | _a0567033899 (hbk.) | ||
| 020 | _a9780567033901 (pbk.) | ||
| 020 | _a0567033902 (pbk.) | ||
| 035 | _a(OCoLC)ocn310401985 | ||
| 040 |
_aUKM _cUKM _dBTCTA _dYDXCP _dC#P _dDLC |
||
| 042 | _alccopycat | ||
| 050 | 0 | 0 |
_aBS1199.L27 _bE96 2009 |
| 082 | 0 | 4 |
_a231.7 _222 |
| 245 | 0 | 0 |
_aEvoking lament : _ba theological discussion / _cedited by Eva Harasta, Brian Brock. |
| 260 |
_aLondon ; _aNew York : _bT & T Clark, _cc2009. |
||
| 300 |
_avi, 228 p. ; _c24 cm. |
||
| 504 | _aIncludes bibliographical references and indexes. | ||
| 650 | 0 | _aLaments in the Bible. | |
| 650 | 0 | _aLaments. | |
| 650 | 0 | _aTheology. | |
| 700 | 1 |
_aHarasta, Eva, _d1977- |
|
| 700 | 1 |
_aBrock, Brian, _d1970- |
|
| 906 |
_a7 _bcbc _ccopycat _d2 _encip _f20 _gy-gencatlg |
||
| 942 |
_2lcc _cBK _h1199.L27 _iEVO _kBS _m2009 |
||